Laddar...
Introduction to agricultural economics /
| Huvudupphovsman: | |
|---|---|
| Övriga upphovsmän: | , |
| Materialtyp: | Printed Book |
| Publicerad: |
New Delhi :
Prentice Hall ,
2003.
|
| Ämnen: |
| LEADER | 00530cam a2200169ua 4500 | ||
|---|---|---|---|
| 999 | |c 35999 |d 35999 | ||
| 020 | |a 0-13-901190-0 | ||
| 082 | 1 | 4 | |a 338.1 |b PEN-I |
| 100 | 1 | |a Penson, John B . | |
| 245 | 1 | 0 | |a Introduction to agricultural economics / |
| 260 | |a New Delhi : |b Prentice Hall , |c 2003. | ||
| 300 | |a 481p ; | ||
| 650 | 0 | |a Agricultural economics | |
| 700 | |a Capps,Jr. Oral | ||
| 700 | |a Rosson II, Parr. C. | ||
| 942 | |c BK | ||
| 952 | |0 0 |1 0 |4 0 |6 338_100000000000000_PENI |7 0 |9 46155 |a KU |b KU |d 2015-07-05 |l 0 |o 338.1 PEN-I |p AE00667 |r 2015-07-05 |y BK | ||